00394nam a2200193Ia 4500003000900000008004100009040001300050040001300063041000800076100001700084245001700101250000900118260001200127260000900139300001100148300001000159490002300169490000800192IT-RoPAU120407s9999 xx 000 0 und d aIT-RoPAU cIT-RoPAU aita aEnzo Magnani aUrbanistica. aRoma aStudium c1959 a135 p. c17 cm aUniversale Studium v163